The Impact of Technology on Tour Guiding

Bibliográfiai részletek
Szerző: Keszeghová Lujza
További közreműködők: Fodor Dr. Alexandra
Dokumentumtípus: Diplomadolgozat
Kulcsszavak:digitalisation in tourism
new tourism trends
tour guiding
Tourism technology
virtual tours
Online Access:http://dolgozattar.uni-bge.hu/60302

MARC

LEADER 00000nta a2200000 i 4500
001 dolg60302
005 20260409150257.0
008 260409suuuu hu om 000 eng d
040 |a BGE Dolgozattár Repozitórium  |b hun 
041 |a en 
100 1 |a Keszeghová Lujza 
245 1 4 |a The Impact of Technology on Tour Guiding  |c Keszeghová Lujza  |h [elektronikus dokumentum] 
520 3 |a Tour guiding has been an important part of shaping tourism destinations since the early days of travel. Tour guides play a vital role in showcasing their country, often serving as a "brand" of the nation, as it is through them that many guests and tourists form their impressions of the destination. However, the role and necessity of tour guides have undergone significant changes in recent years, due to factors such as the COVID-19 pandemic, rapid modernization, and the evolving preferences of travellers. These changes, driven largely by digitalization, have brought both opportunities and challenges to the profession. While technology offers innovative ways to enhance guided experiences, it also raises questions about the authenticity and interpersonal connections that traditional tour guiding embodies. 
695 |a digitalisation in tourism 
695 |a new tourism trends 
695 |a tour guiding 
695 |a Tourism technology 
695 |a virtual tours 
700 1 |a Fodor Dr. Alexandra  |e ths 
856 4 0 |u http://dolgozattar.uni-bge.hu/60302/1/THESIS-lujza-keszeghova-aqc235.pdf  |z Dokumentum-elérés 
856 4 0 |u http://dolgozattar.uni-bge.hu/60302/2/B%C3%ADr%C3%A1lat.pdf  |z Dokumentum-elérés 
856 4 0 |u http://dolgozattar.uni-bge.hu/60302/3/Thesis%20Assessment%20Sheet_Lujza_Keszeghova.pdf  |z Dokumentum-elérés